000
00272nam a22001097a 4500
008
170118b xxu||||| |||| 00| 0 eng d
020
_a
9781451112481
041
_a
eng
080
_2
4TH
_a
6182
245
_a
PHOTO ATLAS OF MEDICATION ADMINISTRATION
_c
LYNN, P
942
_2
udc
_c
BK
999
_c
3090
_d
3090